Sports Quiz

Random Sports or Football Quiz

Lionel Messi's Argentina Hat-trick XI's Quiz Stats

 Plays Quiz not verified by Sporcle

Support Sporcle.
Go Orange.
Score 0/61 Timer 10:00
0 Plays Today
Team and Competition Player Name % Correct
Brazil, Friendly 2012Ángel Di María
97.9%
Panama, Copa América Centenario 2016Ángel Di María
97.9%
Ecuador, World Cup 2018 QualifyingÁngel Di María
97.9%
Haiti, Friendly 2018Ángel Di María
97.9%
Brazil, Friendly 2012Gonzalo Higuaín
97.5%
Panama, Copa América Centenario 2016Gonzalo Higuaín
97.5%
Haiti, Friendly 2018Gonzalo Higuaín
97.5%
Switzerland, Friendly 2012Sergio Romero
97.5%
Brazil, Friendly 2012Sergio Romero
97.5%
Panama, Copa América Centenario 2016Sergio Romero
97.5%
Ecuador, World Cup 2018 QualifyingSergio Romero
97.5%
Switzerland, Friendly 2012Sergio Agüero
97.3%
Guatemala, Friendly 2013Sergio Agüero
97.3%
Switzerland, Friendly 2012Javier Mascherano
95.2%
Brazil, Friendly 2012Javier Mascherano
95.2%
Panama, Copa América Centenario 2016Nicolás Otamendi
95.2%
Panama, Copa América Centenario 2016Javier Mascherano
95.2%
Ecuador, World Cup 2018 QualifyingNicolás Otamendi
95.2%
Ecuador, World Cup 2018 QualifyingJavier Mascherano
95.2%
Haiti, Friendly 2018Nicolás Otamendi
95.2%
Haiti, Friendly 2018Javier Mascherano
95.2%
Switzerland, Friendly 2012Pablo Zabaleta
89.8%
Brazil, Friendly 2012Pablo Zabaleta
89.8%
Haiti, Friendly 2018Willy Caballero
89.3%
Panama, Copa América Centenario 2016Marcos Rojo
85.3%
Haiti, Friendly 2018Nicolás Tagliafico
78.2%
Guatemala, Friendly 2013Ezequiel Lavezzi
74.6%
Panama, Copa América Centenario 2016Éver Banega
71.8%
Haiti, Friendly 2018Manuel Lanzini
70.2%
Haiti, Friendly 2018Federico Fazio
69.9%
Switzerland, Friendly 2012Maxi Rodríguez
69.4%
Team and Competition Player Name % Correct
Guatemala, Friendly 2013Lucas Biglia
65.5%
Ecuador, World Cup 2018 QualifyingLucas Biglia
65.5%
Brazil, Friendly 2012Clemente Rodríguez
63.9%
Guatemala, Friendly 2013Clemente Rodríguez
63.9%
Guatemala, Friendly 2013Fabricio Coloccini
63.6%
Panama, Copa América Centenario 2016Ramiro Funes Mori
57.8%
Brazil, Friendly 2012Fernando Gago
57.6%
Switzerland, Friendly 2012Ezequiel Garay
57.4%
Brazil, Friendly 2012Ezequiel Garay
57.4%
Haiti, Friendly 2018Giovani Lo Celso
53.1%
Guatemala, Friendly 2013Augusto Fernández
52.7%
Panama, Copa América Centenario 2016Augusto Fernández
52.7%
Switzerland, Friendly 2012Federico Fernández
52.1%
Brazil, Friendly 2012Federico Fernández
52.1%
Ecuador, World Cup 2018 QualifyingEnzo Pérez
48.1%
Ecuador, World Cup 2018 QualifyingEduardo Salvio
42%
Haiti, Friendly 2018Eduardo Salvio
42%
Panama, Copa América Centenario 2016Nico Gaitán
40.4%
Panama, Copa América Centenario 2016Gabriel Mercado
39.7%
Ecuador, World Cup 2018 QualifyingGabriel Mercado
39.7%
Ecuador, World Cup 2018 QualifyingMarcos Acuña
37.5%
Switzerland, Friendly 2012Hugo Campagnaro
29.5%
Guatemala, Friendly 2013Hugo Campagnaro
29.5%
Ecuador, World Cup 2018 QualifyingDarío Benedetto
29.1%
Guatemala, Friendly 2013Mariano Andújar
26.1%
Switzerland, Friendly 2012José Sosa
20%
Brazil, Friendly 2012José Sosa
20%
Guatemala, Friendly 2013José María Basanta
13.4%
Switzerland, Friendly 2012Rodrigo Braña
7.1%
Guatemala, Friendly 2013Pablo Guiñazú
4.8%

You're not logged in!

Compare scores with friends on all Sporcle quizzes.
OR
Log In

From the Vault

Top Grossing 'J' Movies

by Sheldon

It's up to you to decide if these box office earnings were justified.
Remove Ads.
Support Sporcle.
Get the best of Sporcle when you Go Orange. This ad-free experience offers more features, more stats, and more fun while also helping to support Sporcle. Thank you for becoming a member.

Show Comments

Extras

Top Quizzes Today


Score Distribution

Your Account Isn't Verified!

In order to create a playlist on Sporcle, you need to verify the email address you used during registration. Go to your Sporcle Settings to finish the process.

Report this User

Report this user for behavior that violates our Community Guidelines.

Details: